00741cam a22002293a 450000100060000000300060000600500170001200800410002904000150007004200070008505000070009210000490009924501040014826000290025250600300028151600200031165300310033165300470036270000310040983000290044085600420046932910PGUSA20140828083719.0100620s2010||||xxu|||||s|||||000 1 eng d aPGUSAbeng adc 4aPZ1 aBrereton, F. S.q(Frederick Sadleir),d1872-10aWith Wolseley to Kumasi :bA Tale of the First Ashanti Warh[electronic resource] /cF. S. Brereton bProject Gutenberg,c2010 aPublic domain in the USA. aElectronic text aAfrica -- Juvenile fiction aAshanti war, 1873-1874 -- Juvenile fiction1 aBrowne, Gordon,d1858-1932 0aProject Gutenbergv3291040uhttp://www.gutenberg.org/ebooks/32910